Research methodology Methods & Techniques (Record no. 5627)

MARC details
000 -LEADER
fixed length control field 00317nam a2200133Ia 4500
003 - CONTROL NUMBER IDENTIFIER
control field SGT
082 ## - DEWEY DECIMAL CLASSIFICATION NUMBER
Classification number 1.4
Item number KOT
100 ## - MAIN ENTRY--PERSONAL NAME
Personal name Kothari,C.R
245 ## - TITLE STATEMENT
Title Research methodology Methods & Techniques
250 ## - EDITION STATEMENT
Edition statement 2nd Ed.
260 ## - PUBLICATION, DISTRIBUTION, ETC. (IMPRINT)
Name of publisher, distributor, etc New Age International Publication
Place of publication, distribution, etc New Delhi
Year of Publication 2005
300 ## - PAGE DESCRIPTION
No. of Pages 401p.
942 ## - ADDED ENTRY ELEMENTS (KOHA)
Source of classification or shelving scheme Dewey Decimal Classification
Koha item type Books
Holdings
Withdrawn status Lost status Source of classification or shelving scheme Damaged status Not for loan Collection code Home library Current library Shelving location Date acquired Vendor Name SGTU Full call number Accession No. (Barcode) Date last seen Bill Date Koha item type
Withdrawn   Dewey Decimal Classification   Not For Loan ENGINEERING SGT Engineering Library SGT Engineering Library Reference Book 05/05/2013 gifted SGTU 1.4 KOT FE6180 09/02/2015 09/02/2015 Books